Matematyka - nagła śmierć - Statystyki

Ogólne statystyki
  • Ten quiz został rozwiązany 83 razy
  • Średni wynik to 7 z 9
Answers on the Grid
Answers color-coded by a green-red scale on the quiz's grid according to % correct below.
3^2=6
12*11=134
1*1=1
6+7=15
2^4=32
2,5^2=4,5
12+15=27
2+2=2*2
67^2=4489
1+1=1
x^2=x*x
4*3=14
6/9=0.666...
2+5+4+6=17
2+2=2
2+2=3
2+2=4
2+2=5
1=0.5*2
5+5=55
 
Statystyki odpowiedzi
Odpowiedź % Poprawnych
1*1=1
94%
12+15=27
80%
2+2=4
79%
2+2=2*2
77%
1=0.5*2
73%
2+5+4+6=17
73%
6/9=0.666...
67%
x^2=x*x
65%
67^2=4489
56%
Nie znaleziono quizów pasujących do podanych kryteriów
Rozkład punktacji
Procent ludzi z każdym wynikiem
Percentyl według liczby udzielonych odpowiedzi
Twoja historia wyników
Nie rozwiązałeś tego quizu